Transferencia de calor y masa. Fundamentos y aplicaciones

Bibliographic Details
Main Authors: Cengel, Yunus A., Ghajar, Afshin J.
Format: Section = Libro
Language:Undetermined
Spanish
Published: México McGraw-Hill 2011
Edition:4a ed.
Subjects:
LEADER 00652nam a2200229Ia 4500
008 240830s9999 xx 000 0 und d
020 |a 978-607-15-0540-8 
040 |a B-ESTELÍ- RUACS / 660.28427 C395 
041 |a spa 
082 |a 660.28427 C395 
100 1 |a Cengel, Yunus A. 
100 1 |b  Ghajar, Afshin J. 
245 1 0 |a Transferencia de calor y masa. Fundamentos y aplicaciones 
250 |a 4a ed. 
260 |a México  |b McGraw-Hill  |c 2011 
300 |a 920 p.:il 
650 7 |a TRASFERENCIA DE CALOR 
650 7 |b  INTRODUCCION Y CONCEPTOS BASICOS 
650 7 |c  FUNDAMENTOS DE LA CONVECCION 
942 |c BK  |2 ddc 
991 |a TEXTO 
999 |c 11527